Trouvez le Nom de ces Marques ! - Statistiques

Statistiques générales
  • Ce quiz a été pris 69 fois
  • Le résultat moyen est 13 sur 16
Statistiques - réponses
Par images Réponse % Correct
Apple
98%
Pepsi
98%
Auchan
97%
Microsoft
97%
Puma
97%
Rolex
97%
Mcdonalds
95%
Michelin
95%
Toyota
95%
Yves Rocher
82%
BlaBlaCar
76%
Taco Bell
65%
Decathlon
61%
Dior
55%
Michel et Augustin
35%
Lancôme
6%
Aucun quiz correspondant
Distribution des résultats
% des personnes avec chaque résultat
Percentile par nombre de réponses
Votre historique - résultats
Vous n’avez pas pris ce quiz